000 01121nam0a22002531 4500
001 rc\2202853
005 20110829165241.2
035 _a(NLR Aleph) 006486682
090 _a6089575
_c6089575
100 _a20110829d1978 |||y0rusy50 ca
101 0 _arus
102 _aRU
105 _aa z |||||
200 1 _aОсновы расчетов за пределами упругости
_e(Метод. разраб.)
_fСост. проф. К.Г. Галимханов и проф. Р.Р. Мавлютов
_gМ-во высш. и сред. спец. образ. РСФСР. Уфим. авиац. ин-т им. Орджоникидзе. Каф. сопротивления материалов
210 _aУфа
_cБ. и.
_d1978
215 _a60 с.
_cил.
_d20
702 1 _aМавлютов
_bР. Р.
_4220
702 1 _aГалимханов
_bК. Г.
_gКнязь Галеевич
_4220
712 0 2 _aУфимский авиационный институт им. Орджоникидзе
_3RU\NLR\AUTH\886294
801 0 _aRU
_bNLR
_gpsbo
801 1 _aRU
_bELAR
_2rusmarc
852 _aNLR
_j78-4/23782
942 _cBOOK
980 _aNB